[Event "Chess24 Legends of Chess"]
[Site "Online"]
[Date "2020.07.18"]
[Round "6.3"]
[White "Leko, Peter"]
[Black "Giri, Anish"]
[Result "1-0"]
[WhiteElo "2710"]
[BlackElo "2731"]
[Annotator "TA"]
[PlyCount "103"]
[EventDate "2020.07.21"]
[EventType "tourn"]
[SourceTitle "playchess.com"]
[Source "ChessBase"]
[SourceQuality "1"]

{[%evp 18,103,13,7,14,16,20,22,24,40,26,0,0,0,0,0,0,0,0,0,0,0,0,0,0,0,8,3,6,4,4,14,10,0,33,26,54,33,36,31,38,39,38,37,130,114,131,153,227,226,331,208,351,350,325,237,222,222,503,501,525,510,496,483,700,688,662,0,679,628,1131,1124,1513,1481,29985,29986,29986,29987,29986,5457,5106,4851,2773,2271,9181,6081,6008,5165]} 1. d4 Nf6 2. c4 e6 3. Nf3 d5 4. g3 Bb4+ 5. Bd2 Be7 6. Bg2 O-O 7. O-O Nbd7 {[%cal Bb8d7,Bd7e5,Be5g4,Bg4f6,Bf6e4][%mdl 32]} 8. Qc2 c6 9. Rd1 b6 10. b3 a5 {E11: Bogo-Indian.} 11. Bc3 Ne4 12. Ne5 Nxe5 {The position is equal.} 13. Bxe4 f5 14. Bg2 Ng4 15. e3 {[#]} h5 $146 ({Predecessor:} 15... Bb7 16. Bb2 Rc8 17. Nc3 Bd6 18. Qe2 Nf6 19. f3 c5 20. dxc5 Bxc5 21. Na4 Qe7 {½-½ (39) Peng,X (2459)-Jakovenko,D (2719) China 2019}) 16. Nd2 h4 17. h3 Nf6 18. gxh4 Ne4 19. Nf3 ({Not} 19. Bxe4 $2 fxe4 20. Nxe4 dxe4 $17) 19... Bd7 20. Be1 Be8 21. Ne5 Bxh4 22. f3 Bxe1 23. Rxe1 Nd6 24. f4 Rf6 25. Rac1 Nf7 (25... a4 $5) 26. Nf3 $36 {[%mdl 2048] White is pushing.} b5 27. Kh2 a4 28. Rg1 axb3 29. axb3 bxc4 30. bxc4 Rg6 {White stays focused until the end.} (30... Ra3 $14) 31. c5 Ra3 32. Qf2 Qa8 {[#]} (32... Rh6 $16 {keeps fighting.} 33. Ra1 Rxa1 34. Rxa1 Kf8) 33. Rc2 $1 $18 {[%cal Bc1c2,Bc2b2,Bb2b7,Bb7c7][%mdl 32]} Bd7 (33... Rh6 {might work better.} 34. Rb1 Ra1 35. Rxa1 Qxa1) 34. Rb2 {Threatens to win with Rgb1.} Qd8 (34... Qa7 $142 35. Rgb1 Bc8) 35. Rgb1 Ra8 36. Rb7 Rh6 37. Qb2 {Rb8 is the strong threat.} Kf8 $2 (37... Rh8 {was necessary.} 38. Ra1 Rxa1 39. Qxa1 Be8) 38. Ra1 {And now Rxd7! would win.} Rxa1 39. Qxa1 Rh8 40. Qa7 Ke7 (40... Be8 $142 41. Rb8 Qe7) 41. Rc7 Ke8 42. Rb7 Ke7 43. Bf1 g6 {[#]} 44. Bb5 $1 {[%mdl 512] aiming for Bxc6.} cxb5 45. c6 {[%cal Rb7d7][%mdl 64] Pin} Kf6 46. Rxd7 {[%csl Ga7][%cal Rd7f7][%mdl 64] Double Attack} Qf8 47. Ne5 Nh6 48. Rf7+ (48. Rh7 $142 Rxh7 49. Qxh7 Qg7 50. Qxg7+ Kxg7 51. c7 Nf7 52. c8=Q Nxe5 53. dxe5) 48... Qxf7 {White is clearly winning.} 49. Nxf7 Nxf7 50. Qd7 Rd8 {[#]} 51. Qxd8+ $1 {[%mdl 576] Promotion} Nxd8 52. c7 {Accuracy: White = 90%, Black = 52%.} 1-0

[Event "Chess24 Legends of Chess"]
[Site "Online"]
[Date "2020.07.18"]
[Round "6.3"]
[White "Gelfand, Boris"]
[Black "Kramnik, Vladimir"]
[Result "0-1"]
[WhiteElo "2702"]
[BlackElo "2756"]
[Annotator "TA"]
[PlyCount "98"]
[EventDate "2020.07.21"]
[EventType "tourn"]
[SourceTitle "playchess.com"]
[Source "ChessBase"]
[SourceQuality "1"]

{[%evp 13,98,9,29,28,37,44,41,40,68,63,72,57,117,97,126,121,129,119,112,127,103,93,103,102,99,116,153,127,153,141,192,172,180,143,149,144,152,145,144,171,153,117,110,106,127,126,128,112,112,112,112,112,111,111,109,96,102,43,42,29,29,31,162,150,156,158,224,224,224,224,224,221,233,225,289,268,374,252,254,0,187,-310,-299,-615,-662,-692,-691]} 1. d4 e6 2. c4 Nf6 3. Nf3 b6 4. g3 Bb7 5. Bg2 Be7 6. O-O O-O 7. Re1 (7. Nc3 Ne4 8. Bd2 d6 9. d5 Nxd2 10. Nxd2 e5 11. b4 a5 12. a3 Nd7 13. Nb3 f5 14. c5 bxc5 15. bxc5 a4 16. c6 axb3 17. cxb7 Rb8 18. Qxb3 {½-½ (42) Gelfand,B (2695)-Kramnik,V (2800) Moscow 2018}) 7... Qc8 8. Nc3 {8.Nc3 is better than 8.Bg5. E17: Queen's Indian: 4 g3 Bb7 5 Bg2 Be7.} Bb4 $5 {[%mdl 4] Leaves trodden paths.} 9. Bd2 {[#]} d6 $146 ({Predecessor:} 9... Bxc3 10. Bxc3 Ne4 11. Rc1 d6 12. d5 Nxc3 13. Rxc3 a5 14. Bh3 Qe8 15. Nd4 e5 {0-1 (45) Daurbekov,M (2063)-Chekletsov,I (2372) Moscow 2020}) 10. d5 {White is slightly better.} Nbd7 11. e4 Nc5 12. Qc2 exd5 (12... a5 $14) 13. Nxd5 Bxd5 14. cxd5 Bxd2 15. Nxd2 a5 16. Nf3 Re8 {[%cal Re8e4]} 17. e5 dxe5 18. Nxe5 Qd8 19. d6 cxd6 20. Bxa8 dxe5 21. Bc6 Re7 (21... Re6 $16) 22. Rad1 $18 Qc7 23. Bg2 g6 24. Qd2 Kg7 25. Qd8 e4 26. Qxc7 Rxc7 27. f3 {[%cal Rf3e4]} Nd3 28. Re2 exf3 29. Bxf3 Nc1 30. Re5 Nxa2 31. Rb5 Nd7 32. Rbd5 Nc5 33. Rd6 Nb4 34. Rxb6 Ncd3 35. Rd2 (35. Rb1 $16) 35... Rc1+ $1 $14 36. Kg2 Ne1+ 37. Kf2 {Threatens to win with Be2.} Ned3+ (37... Nbd3+ $1 $14 38. Ke2 Nxf3 39. Kxf3 (39. Rxd3 Nxh2 40. Rb5 Rg1 $14) 39... Ne5+ 40. Kf2 Ng4+ 41. Ke2 Nxh2) 38. Ke3 $18 Re1+ 39. Kd4 Ne5 (39... Re8 $16 {is a better defense.}) 40. Be2 f6 41. Rb7+ Kh6 {[#]} 42. Kc5 $1 Rh1 43. Bb5 Rc1+ 44. Kb6 a4 45. Ka5 Nbc6+ {[#]} 46. Kb6 $2 (46. Ka6 $1 $18) 46... Rb1 $2 (46... Nb4 $11 47. Rd4 Nbc6) 47. Kc5 $4 {[%mdl 8192]} (47. Rg2 $18 Nd4 48. Ra7 (48. Bxa4 Nd3 $16)) 47... Na5 $19 48. Ra7 $2 (48. Ba6 Nxb7+ 49. Bxb7) 48... Nb3+ {[%mdl 64] Double Attack} 49. Kb4 {Rf2 is the strong threat.} Nxd2 {Accuracy: White = 65%, Black = 67%.} 0-1

[Event "Chess24 Legends of Chess"]
[Site "Online"]
[Date "2020.07.18"]
[Round "6.3"]
[White "Ivanchuk, Vasyl"]
[Black "Svidler, Peter"]
[Result "1/2-1/2"]
[WhiteElo "2686"]
[BlackElo "2742"]
[Annotator "TA"]
[PlyCount "80"]
[EventDate "2020.07.21"]
[EventType "tourn"]
[SourceTitle "playchess.com"]
[Source "ChessBase"]
[SourceQuality "1"]

{[%evp 17,80,16,13,0,0,0,0,-3,-6,0,-6,-45,-18,-17,-13,-27,-23,-27,-29,-28,-17,-47,-41,-39,-40,-45,-37,-46,-38,-39,0,0,0,0,0,0,0,0,0,0,0,0,0,0,0,0,0,0,0,0,0,0,0,0,0,0,0,-1,0,-1,0,-1,0,-8,0]} 1. d4 Nf6 2. c4 g6 3. Nf3 Bg7 4. g3 c6 5. Bg2 O-O 6. Nc3 d5 7. cxd5 cxd5 8. Ne5 Bf5 9. O-O Ne4 10. Be3 {D79: Fianchetto Grünfeld: Symmetrical Variation (6 0-0 c6 7 cxd5 cxd5).} Nxc3 11. bxc3 Nc6 12. Qb3 e6 13. Nxc6 bxc6 {[%cal Bb7c6,Bc6c5,Bc5c4][%mdl 32] [#]} 14. Rac1 $146 ({Predecessor:} 14. Qa4 Qb6 15. h3 h5 16. Rfe1 Rfc8 17. Rac1 a5 18. Bf4 c5 19. dxc5 Qxc5 20. e4 Bxe4 21. Bxe4 dxe4 22. Rxe4 {0-1 (55) Dubov,D (2661)-Bu,X (2695) Ningbo 2015}) 14... Qa5 15. Bf4 Rac8 16. e3 c5 17. Bd6 c4 $1 {[%cal Rc4b3]} 18. Qb4 Qxb4 19. Bxb4 Rfe8 20. Rfe1 Rb8 21. e4 Bxe4 22. Bxe4 dxe4 23. Rxe4 f5 24. Re2 {The position is equal.} Bxd4 25. Bd6 Rbd8 26. cxd4 {[#] aiming for Bc5.} Rxd6 27. Rxc4 $11 {[%mdl 4096] Endgame KRR-KRR} Kf7 28. Ra4 a6 29. Re5 Red8 30. Rea5 Rxd4 31. Rxd4 Rxd4 32. Rxa6 {KR-KR} Kf6 33. h4 Rd2 34. Kf1 h6 35. Ra5 g5 36. hxg5+ hxg5 37. Kg2 Rb2 38. Kf1 Rd2 39. Kg2 Rb2 40. Kf1 Rd2 {Accuracy: White = 96%, Black = 96%.} 1/2-1/2

[Event "Chess24 Legends of Chess"]
[Site "Online"]
[Date "2020.07.18"]
[Round "6.4"]
[White "Carlsen, Magnus"]
[Black "Ding, Liren"]
[Result "1/2-1/2"]
[WhiteElo "2881"]
[BlackElo "2836"]
[Annotator "TA"]
[PlyCount "84"]
[EventDate "2020.07.21"]
[EventType "tourn"]
[SourceTitle "playchess.com"]
[Source "ChessBase"]
[SourceQuality "1"]

{[%evp 11,84,0,0,0,10,0,0,-3,6,-16,10,4,11,6,12,16,13,15,36,42,60,28,25,34,63,67,110,108,102,112,103,106,112,110,114,105,137,0,68,82,136,131,220,216,368,115,91,68,71,56,69,65,65,54,90,79,118,108,110,125,118,100,155,150,264,264,262,240,238,0,193,0,215,0,178]} 1. e4 c5 2. Nf3 d6 3. Bb5+ Nd7 4. d4 cxd4 5. Qxd4 a6 6. Bxd7+ Bxd7 7. c4 {B51: Sicilian: Moscow Variation (3 Bb5+) without 3...Bd7.} Nf6 8. Nc3 g6 9. O-O Bg7 10. a4 {[#]} Bc6 $146 ({Predecessor:} 10... O-O 11. Qd3 Bc6 12. Be3 a5 13. h3 Nd7 14. Nd4 Rc8 15. b3 Nc5 16. Qc2 Ne6 {1-0 (68) Alekseev,E (2616)-Li,C (2732) Riadh 2017}) 11. Qd3 Nd7 12. Be3 Nc5 13. Qc2 O-O 14. Nd4 Rc8 15. a5 Ne6 16. Rfd1 Bxd4 17. Bxd4 f5 18. e5 f4 19. f3 Rf5 20. Bb6 Qf8 21. exd6 exd6 22. Qd3 Ng5 23. Qxd6 Qh6 {[#]} 24. Rd3 (24. Rd2 $1 $16) 24... Nf7 (24... Re8 $11 25. Rf1 Qh4) 25. Qd4 Rh5 {[#]} (25... Re8 $142) 26. h3 $1 $16 {Threatens to win with Ne4.} Ng5 (26... Re8 $16) 27. Qf6 $18 Nxh3+ $2 (27... Rf8 28. Rd8 Rxd8 29. Qxd8+ (29. Bxd8 Nf7 $18) 29... Qf8 30. Qxf8+ Kxf8) 28. Kf1 $2 (28. gxh3 $18 {and the rest is easy. Hoping for Qe6+.} Re8 29. Rd8 Qg5+ 30. Qxg5 Rxg5+ 31. Kf2) 28... Ng5 $16 29. Rd8+ ({Not} 29. Qxf4 $2 Rh1+ 30. Ke2 (30. Bg1 $2 Rxg1+ {[%mdl 64] Decoy} 31. Kxg1 Nh3+ {[%mdl 64] Discovered Attack} 32. gxh3 Qxf4 $19) 30... Rxa1 $19) (29. Re1 {looks sharper.} Rh1+ 30. Bg1 Rf8 31. Rd8 Nf7 32. Rxf8+ Qxf8 33. Re7) 29... Rxd8 30. Qxd8+ Qf8 31. Qxf8+ Kxf8 32. b4 Ne6 33. Rd1 Kf7 34. b5 axb5 35. cxb5 Bxb5+ 36. Nxb5 Rxb5 {[%mdl 4096] Endgame KRB-KRN} 37. Rd7+ {[%mdl 64] Double Attack} Kf6 (37... Kg8 $16 {might work better.}) 38. Rxb7 $18 {aiming for Bd8+!} Rb1+ 39. Ke2 {Black must now prevent Bd8+!} Rb2+ 40. Kf1 Rb1+ 41. Ke2 {And now Bd8+! would win.} Rb2+ 42. Kf1 Rb1+ {Accuracy: White = 80%, Black = 59%.} 1/2-1/2

[Event "Chess24 Legends of Chess"]
[Site "Online"]
[Date "2020.07.18"]
[Round "6.4"]
[White "Nepomniachtchi, Ian"]
[Black "Anand, Viswanathan"]
[Result "0-1"]
[WhiteElo "2778"]
[BlackElo "2751"]
[Annotator "TA"]
[PlyCount "82"]
[EventDate "2020.07.21"]
[EventType "tourn"]
[SourceTitle "playchess.com"]
[Source "ChessBase"]
[SourceQuality "1"]

{[%evp 13,82,22,42,0,36,-24,19,21,23,29,46,-52,-58,-53,-61,-215,-201,-212,-215,-209,-219,-225,-214,-214,-196,-204,-191,-370,-332,-336,-371,-371,-341,-340,-351,-348,-358,-316,-344,-321,-392,-357,-330,-311,-334,-1098,-1083,-1035,-947,-944,-938,-914,-893,-1277,-797,-779,-752,-6250,-6264,-6002,-6018,-29976,-29977,-29978,-29979,-29986,-29986,-29986,-29987,-29987,-29988]} 1. e4 c5 2. Nf3 e6 3. Nc3 Nc6 4. d4 cxd4 5. Nxd4 Qc7 6. a3 a6 7. Be3 Nf6 8. Qf3 {B48: Sicilian: Taimanov: 5 Nc3 Qc7 6 Be3 a6 without Be2.} b5 $5 {[%mdl 4] [#] An interesting side line.} 9. e5 $146 (9. Nxc6 $14 dxc6 10. Qg3 Qxg3 11. hxg3) ({Predecessor:} 9. Nxc6 Qxc6 10. e5 Qxf3 11. gxf3 Ng8 12. Bd3 Bb7 13. Be4 Bxe4 14. Nxe4 f5 15. Nd2 {1-0 (37) Costa,L (1959)-Hubert,C (1341) Wuerzburg 2019}) 9... Nxd4 (9... Bb7 $5 {[%cal Rc6d4]} 10. Nxc6 (10. exf6 Nxd4 {[%mdl 64] Discovered Attack} 11. Qd1 Nf5 $17) 10... Bxc6 $11) 10. Bxd4 {The position is equal.} Bb7 11. Qg3 Nd5 12. Ne4 (12. Bd3 $14) 12... Qxc2 $15 13. Bd3 Qa4 14. b4 $2 {[#] White does not recover from this.} (14. Bc5 $15 Nb4 15. Bxb4 Bxb4+ {[%mdl 64] Pin} 16. Ke2) 14... Bxb4+ $1 $19 {[%mdl 512]} 15. axb4 Qxb4+ {[%mdl 64] Double Attack} 16. Bc3 Nxc3 17. Nd6+ Kf8 {Hoping for ...Ne4+.} 18. O-O Bc6 $1 19. Rac1 f5 20. Qg5 $2 (20. Rfe1 {was called for.} Nd5 21. Be2) 20... Qd4 $1 {[%csl LRd3,LRe5][%cal Rd4d3][%mdl 64] Double Attack} 21. Rfe1 {White wants to play Bxf5!} Qxd3 22. Qh5 {[%csl Gd6][%cal Rh5f7]} g6 23. Qg5 {Intending Qf6+ and mate.} Kg8 $1 24. Qe7 {[%csl Gd6][%cal Re7f7]} Rf8 25. Ne8 {[%csl Ge8][%cal Re7g7]} Rf7 26. Nf6+ Kg7 $1 27. Nh5+ {[#]} Kh6 $1 28. Qxf7 Kxh5 29. Re3 $2 (29. Qg7 Ne2+ {[#]} 30. Rxe2 $1 {[%mdl 512]} Qxe2 31. Qxh8) 29... Ne2+ {[%mdl 64] Double Attack} 30. Kf1 {[#]} Bxg2+ $1 31. Ke1 (31. Kxg2 Qd5+) 31... Nxc1 32. Rxd3 Nxd3+ 33. Kd2 Nxe5 34. Qg7 Nf3+ 35. Ke3 Rc8 36. Qxh7+ Kg5 37. Qe7+ Kg4 {Black mates.} 38. h3+ Bxh3 39. Qd6 Rc3+ 40. Ke2 {[#]} Bf1+ $1 {[%mdl 64] Decoy} 41. Kxf1 Rc1+ {Accuracy: White = 45%, Black = 84%.} 0-1

[Event "Chess24 Legends of Chess"]
[Site "Online"]
[Date "2020.07.18"]
[Round "6.4"]
[White "Kramnik, Vladimir"]
[Black "Gelfand, Boris"]
[Result "1/2-1/2"]
[WhiteElo "2756"]
[BlackElo "2702"]
[Annotator "TA"]
[PlyCount "146"]
[EventDate "2020.07.21"]
[EventType "tourn"]
[SourceTitle "playchess.com"]
[Source "ChessBase"]
[SourceQuality "1"]

{[%evp 9,146,-6,-2,-26,-12,-22,-16,-16,-14,-22,-19,-27,-18,-51,-25,-51,0,-33,0,0,43,42,35,0,57,59,68,70,63,51,162,50,56,54,45,17,20,0,0,-22,135,87,81,86,166,71,80,34,76,80,107,99,182,169,196,116,106,129,217,71,97,68,77,60,208,96,106,111,645,640,638,638,575,296,572,230,212,8,8,8,8,8,8,8,66,66,133,66,66,8,8,8,8,8,8,8,8,8,8,8,8,8,8,8,8,8,8,8,17,8,123,8,123,123,123,8,8,8,8,8,8,8,8,8,8,8,8,8,8,8,8,8,8,0,0,0,0,-8,-8]} 1. d4 Nf6 2. Nf3 d5 3. e3 c5 4. dxc5 (4. Nbd2 Nc6 5. dxc5 e6 6. a3 a5 7. b3 Bxc5 8. Bb2 O-O 9. Bb5 Qe7 10. O-O Bd6 11. Re1 e5 12. e4 Nxe4 13. Nxe4 dxe4 14. Rxe4 Bf5 15. Re1 Rfd8 16. Qe2 f6 17. Nh4 Be6 18. Bd3 Bc5 19. Kh1 Nd4 20. Qe4 g6 {0-1 (45) Kramnik,V (2811)-Gelfand,B (2724) Zuerich 2017}) 4... e6 5. b4 a5 6. c3 {D04: Colle System.} axb4 7. cxb4 b6 $1 8. Bb5+ Bd7 9. Bxd7+ Nbxd7 10. a4 bxc5 11. b5 Bd6 12. Bb2 O-O (12... g5 $15) 13. O-O Bc7 14. Nbd2 {[#]} c4 $146 ({Predecessor:} 14... Re8 15. Qc2 Bb6 16. Ne5 Nxe5 17. Bxe5 c4 18. Bc3 e5 19. Rfd1 Qc7 20. Nf3 Ba5 {0-1 (36) Evans,G (2233)-Bunyan,H (1891) IECG email 2000}) 15. Nd4 Ne5 16. Bc3 (16. N2f3 $5 {[%cal Rf3e5]} Nd3 17. Nc6 Nxb2 18. Qc2 $11) 16... Nfd7 (16... Nd3 $11) 17. f4 $14 Nd3 18. Nc6 Qe8 19. a5 e5 (19... Bd6 $14) 20. Kh1 (20. e4 $1 $18 {[%cal Re4d5]} dxe4 21. Nxe4 (21. Nxc4 exf4 22. Qg4 f6 $14)) 20... exf4 21. exf4 Bxf4 22. Rxf4 Nxf4 {[#]} 23. Qg4 $1 {[%csl Gc3][%cal Rg4g7][%mdl 512]} Ne6 24. Re1 d4 $2 (24... Ndc5 $1 $11 25. Bxg7 f5) 25. Nxd4 Nf6 26. Qg3 $1 $40 {[%mdl 1152] White has strong compensation. White wants a kill.} Qd7 (26... Rd8 $16 {might work better.}) 27. Nf5 (27. Nc6 $18 {has better winning chances.} Nd5 28. Nxc4 Nxc3 29. Qxc3) 27... Qd3 $16 28. Ne7+ $1 Kh8 29. b6 Qxg3 30. hxg3 Nc5 (30... Rfe8 $16) 31. Nxc4 $18 Nb7 32. Bxf6 ({Better is} 32. g4 $18) 32... gxf6 $16 33. Ra1 {Strongly threatening a6.} Nc5 (33... Ra6 $16 {is a better defense.}) 34. Rb1 (34. Nd5 $18) 34... Nb7 35. Rb5 {Threatens to win with Nd5.} Rfe8 36. Nd5 Re1+ 37. Kh2 Ra1 38. Nc7 ({Don't play} 38. Nxf6 $6 Ra4 $11) 38... R8xa5 $2 {[%mdl 8192]} (38... Rc8 $16) 39. Nxa5 Rxa5 40. Rxa5 Nxa5 {[%mdl 4096] Endgame KN-KN} 41. Ne8 Nb7 $2 (41... f5 42. Nd6 Kg7) 42. Kh3 (42. g4 $142 Kg8 43. Kg3 (43. Nxf6+ Kg7 $18)) 42... f5 $18 {[#]} 43. g4 $2 (43. Kh4 $1 $18) 43... fxg4+ $1 $11 44. Kxg4 Kg8 45. Nf6+ Kg7 46. Nd5 Nd6 (46... f6 $11) 47. Kf4 $14 {And now Ke5 would win.} f6 48. Nc3 (48. Ke3 $16) 48... Kf7 49. Ne4 (49. Nb5 $1 $14 Nb7 50. Ke4) 49... Nb7 $11 50. Kf5 Ke7 51. Nxf6 Nd6+ 52. Kg5 (52. Ke5 $5 {[%cal Re5d5]} Nc4+ 53. Kf4 Nxb6 54. Nxh7 $14) 52... Nf7+ 53. Kf4 Kd6 $1 54. Nxh7 Kc6 55. Ng5 (55. b7 $5 Kxb7 56. Ng5 $16) 55... Nh6 56. Nf3 {Kg5 is the strong threat.} Kxb6 57. Kg5 Nf7+ 58. Kf6 Nd6 59. g4 {aiming for Ke6.} Kc5 {[#]} (59... Kc6 $11) 60. Nd2 ({White must play} 60. Ke6 $1 $16 Ne8 61. Ke7) 60... Kd5 (60... Kd4 $1 $11 {remains equal.}) 61. g5 $16 Ne8+ 62. Kg6 (62. Ke7 $16 Ng7 63. g6) 62... Ke5 $11 {The position is equal.} 63. Nf3+ Kf4 64. Nd4 Nd6 $1 65. Ne6+ Ke5 66. Nc5 {White wants to play Kh7.} Kd5 67. Nd7 {next Kh7 is good for White.} Ke6 68. Nf8+ Ke7 69. Kg7 Nf7 70. Ng6+ Ke8 71. Kg8 Nxg5 72. Ne5 Ne6 73. Nd7 Kxd7 {Black defended with fortune. Accuracy: White = 62%, Black = 56%.} 1/2-1/2

[Event "Chess24 Legends of Chess"]
[Site "Online"]
[Date "2020.07.18"]
[Round "6.4"]
[White "Svidler, Peter"]
[Black "Ivanchuk, Vasyl"]
[Result "1/2-1/2"]
[WhiteElo "2742"]
[BlackElo "2686"]
[Annotator "TA"]
[PlyCount "109"]
[EventDate "2020.07.21"]
[EventType "tourn"]
[SourceTitle "playchess.com"]
[Source "ChessBase"]
[SourceQuality "1"]

{[%evp 10,109,24,19,22,22,29,18,15,5,43,41,29,0,0,0,8,4,14,17,37,10,18,-13,-13,-12,0,-17,-5,-14,-4,-7,-2,-3,0,-9,10,10,7,10,4,6,26,2,12,-5,0,0,0,0,0,-10,-10,-53,-19,-31,-14,-87,-86,-62,-13,-18,-12,-15,0,-77,-76,-65,-95,-102,-95,-150,-139,-139,-141,-281,-114,-104,-106,-145,-143,-146,-140,-175,-152,-156,-85,-347,-123,-235,-43,-50,-8,-8,-8,-8,0,0,0,0,0,0]} 1. c4 c6 2. Nf3 d5 3. e3 Nf6 4. Nc3 a6 5. d4 Bf5 6. Qb3 Ra7 {D15: Slav Defence: 4 Nc3 a6 and gambit lines after 4 Nc3 dxc4.} 7. Nh4 Bc8 8. a4 e6 9. Nf3 {[#]} c5 $146 ({Predecessor:} 9... a5 10. Be2 Be7 11. O-O O-O 12. Bd2 b6 13. Rad1 Na6 14. Qc2 Nb4 15. Qb1 Bb7 {½-½ (39) Turczynski,M (2150)-Tritt,M (2075) ICCF email 2018}) 10. cxd5 exd5 11. Be2 (11. e4 $5) 11... Nc6 12. O-O Be6 13. Qd1 cxd4 14. Nxd4 Bc5 15. Nxe6 fxe6 16. b3 O-O 17. Bb2 Ra8 18. Rc1 Qe7 19. Bd3 Rad8 20. Ne2 e5 21. Ng3 {Strongly threatening Nf5.} g6 22. Qe2 Na5 23. Bxe5 Nxb3 24. Rb1 {Bxf6 is the strong threat.} Qxe5 25. Rxb3 Rd7 26. Rfb1 Rff7 27. Qb2 Ng4 {White must now prevent ...Bxe3!} 28. Qxe5 Nxe5 29. Be2 Kg7 30. Kf1 h5 31. Bf3 Kh6 (31... b6 $5 32. Rd1 Nxf3 33. gxf3 h4 $17) 32. Ke2 b6 33. Rd1 (33. h4 $11) 33... h4 $17 34. Nf1 d4 (34... h3 $5) 35. exd4 Bxd4 36. Ne3 h3 37. Rb4 (37. Bg4 $1 $11 {keeps the balance.} Rxf2+ 38. Kxf2 Nxg4+ 39. Kg3 {[%mdl 64] Double Attack} Nxe3 40. Rxe3 $1 {[%mdl 512]} Be5+ {[%mdl 64] Discovered Attack} 41. Rxe5 Rxd1 42. Kxh3) 37... hxg2 38. Bxg2 Rf4 $36 {[%mdl 2048] Hoping for ...Bxe3. Black is really pushing.} 39. Rb3 Rdf7 40. Rf1 (40. Bd5 $142 Rxf2+ {[%mdl 64] Double Attack} 41. Ke1 Bxe3 42. Rxe3 Rf1+ 43. Kd2 R7f2+ 44. Kc1) 40... Bc5 41. a5 bxa5 42. Rb7 (42. Rb8 $17) 42... a4 (42... Rxb7 $19 43. Bxb7 Rb4 44. Bxa6 Rb2+ 45. Kd1 a4) 43. Rxf7 Rxf7 44. Bd5 Rf4 45. Rb1 a3 46. Rb8 Ra4 47. Ba2 Bxe3 ({Black should play} 47... Rd4 {And now ...Nd3 would win.} 48. Rc8 Bb4) 48. fxe3 $2 {[%mdl 12288] Endgame KRB-KRN} (48. Kxe3 $17 Ng4+ 49. Ke2) 48... Rh4 $2 (48... Nc6 $19 {and Black stays clearly on top.} 49. Rb1 Rh4) 49. h3 {[#]} (49. Kf1 $17) 49... Kg7 $2 (49... Nc6 $1 $19 {[%cal Rc6b8]} 50. Rb3 Ra4) 50. Rb3 $15 Rxh3 {Threatens to win with ...Rh2+.} 51. Rxa3 {The position is equal.} Rh2+ 52. Kf1 Ng4 53. Be6 Nf6 54. Rxa6 Rh5 55. Ke2 {Whites escaped into a draw. Accuracy: White = 68%, Black = 70%.} 1/2-1/2

[Event "Chess24 Legends of Chess"]
[Site "Online"]
[Date "2020.07.18"]
[Round "6.4"]
[White "Giri, Anish"]
[Black "Leko, Peter"]
[Result "1-0"]
[WhiteElo "2731"]
[BlackElo "2710"]
[Annotator "TA"]
[PlyCount "71"]
[EventDate "2020.07.21"]
[EventType "tourn"]
[SourceTitle "playchess.com"]
[Source "ChessBase"]
[SourceQuality "1"]

{[%evp 9,71,10,6,0,0,-19,8,13,12,16,6,0,0,0,30,32,227,225,225,218,216,216,431,418,420,404,346,376,343,208,670,659,909,902,805,354,356,331,331,331,331,331,331,331,404,379,487,474,508,508,500,497,496,462,754,748,706,684,869,862,814,803,6295,6406]} 1. Nf3 Nf6 2. g3 c5 3. Bg2 Nc6 4. O-O e5 5. e4 d6 6. c3 {[#] A04: Unusual lines after 1 Nf3 and King's Indian Attack.} Nxe4 $146 ({Predecessor:} 6... Be7 7. Re1 O-O 8. d3 Re8 9. Nbd2 Bf8 10. Nc4 Be6 11. Ne3 h6 12. d4 exd4 13. cxd4 d5 14. exd5 Nxd5 15. Nxd5 Bxd5 16. Rxe8 Qxe8 17. dxc5 Bxf3 18. Bxf3 {½-½ (35) Clavijo Usuga,J-Davydenko,A (2173) Moscow 2008}) 7. d4 f5 8. dxe5 {The position is equal.} dxe5 9. Nbd2 Nxd2 10. Nxd2 Be6 11. Re1 {aiming for Bxc6+.} Qd7 12. Qa4 Bd5 $2 {[#] Loses the game.} ({Black should play} 12... Be7 $14) 13. Bxd5 $1 $18 Qxd5 14. Nc4 O-O-O 15. Bg5 Rd7 $2 (15... Re8 16. Rad1 Qf7) 16. Rad1 Qe6 {[#]} 17. Nxe5 $1 {[%mdl 512]} Rxd1 ({Much worse is} 17... Nxe5 {[#]} 18. Rxe5 $1 {[%mdl 512]} b5 19. Rxe6 $18) 18. Qxd1 {Nxc6 is the strong threat.} Ne7 19. Nd3 ({Weaker is} 19. c4 h6 $16) 19... Qd6 $2 (19... Qd7 20. Qb3 (20. Nxc5 Qxd1 21. Rxd1 Nc6 $18) 20... Nc6) 20. Qe2 Ng6 21. Qe8+ Kc7 22. Nf4 (22. Bf4 $142 Nxf4 23. Nxf4) 22... Qd7 23. Nxg6 Qxe8 24. Rxe8 hxg6 25. Be7 Bxe7 26. Rxh8 {[%mdl 4096] Endgame KR-KB} c4 27. Kf1 b5 28. Ke2 {White is clearly winning.} a5 29. Re8 Bf6 30. Re6 Kb7 31. Kd2 a4 (31... Bg5+ $142 32. f4 Bf6) 32. a3 Kc7 33. h4 Kb7 34. Ke3 Kc7 35. f3 b4 {[#]} 36. Rxf6 $1 {[%mdl 512] Accuracy: White = 82%, Black = 34%.} 1-0